00726cam a2200181 a 450000100100000000500170001000800410002704000290006808200220009710000400011924501060015926000750026530000210034050400330036165000460039465000500044065000540049000001829120200929165435.0711112s1968 pr 000 p spa d aDO-SdBNPbspacLCdBNPHU aPR861.7295bC223c1 aCanino Salgado, Marcelino J.d1942-13aLa copla y el romance populares en la tradición oral de Puerto Rico /cMarcelino J. Canino Salgado. aSan Juan, Puerto Rico :bInstituto de Cultura Puertorriqueña,c1968. a176 p. ;c23 cm. aBibliografías: p. 165-172. 4aCanciones folclóricas puertorriqueñas 4aCanciones folclóricasxHistoria y crítica 4aLiteratura puertorriqueñayHISTORIA Y CRÍTICA